01190 a2200157 4500003000500000005001700005040000900022082001600031100001800047245006600065260004900131300000900180505079600189600001800985650002901003Nust20221226102211.0 cNust a621.388,CAH aCahill John T aBefore the Federal Communications Commission /cCahill John T aLondonbNational broadcasting companyc1953. a697p aTechnical signal specifications proposed as standards for color television (Page-35), Survey of audience reaction to RCA color television (Page-43), NBC color television programming plans and policies (Page-89), Principles and development of color television systems (Page-101), RCA tricolor kinescopes and assosiated components (Page-263), Receivers for the RCA color television system (Page-309), Enginering study of picture quality in the RCA color television system (Page-371), Comparison of monochrome and color television with reference to susceptibility to various types of interference (Page-417), Terminal equipment for the RCA color television system (Page-439), NBC operating experience with the RCA color television system (Page 515), Networking RCA color television (Page-679). aJohn T Cahill aCommunication Commission